00490nam a22001577a 450000500170000001000150001702000270003203500140005903700130007308200110008624500380009726000590013527000730019430000200026750000450028720230912145427.0 aENG-137924 c1095.00a9789357051965 aEN-121456 bDBAD/PUB a629.11 a2024 Mechanical Engineering GATE/ aNoidabPearson India Education Services Pvt Ltdc2023 aIst Floor, Berger Tower, Plot No C-001A/2 Sector 16B bNoidae201301 avpp.c28cm(pbk) aComprehensive Guide To Boost Preparation